Refundación del estado en américa latina : perspectivas desde una epistemología del sur /
Guardado en:
| Autor Principal: | |
|---|---|
| Formato: | Libro |
| Publicado: |
Buenos Aires :
Antropofagia,
2010
|
| Materias: | |
| Etiquetas: |
Agregar Etiqueta
Sin Etiquetas, Sea el primero en etiquetar este registro!
|
| LEADER | 00740nam a22002055a 4500 | ||
|---|---|---|---|
| 001 | EHU.bham044486 | ||
| 003 | AR-BHAM | ||
| 005 | 20161220120731.0 | ||
| 008 | 130507s2010##################000#0#####d | ||
| 020 | |a 9789871238675 | ||
| 082 | 3 | 0 | |a 303.484 |
| 100 | 1 | |a Santos, Boaventura de Sousa | |
| 245 | 1 | 0 | |a Refundación del estado en américa latina : |b perspectivas desde una epistemología del sur / |c Boaventura De Sousa Santos |
| 260 | |a Buenos Aires : |b Antropofagia, |c 2010 | ||
| 300 | |a 121 p. | ||
| 653 | |a Sociología latinoamericana | ||
| 653 | |a América latina-estado y política | ||
| 653 | |a Ciencias políticas | ||
| 653 | |a Política latinoamericana contemporánea | ||
| 859 | |a AR-BHAM |b BIB. HUMANIDADES - General |h 303.484 |i Sa89-2 |p 756.16 |t Ej.1 | ||
